Diccionario enciclopédico universal. (Record no. 56274)

MARC details
000 -LEADER
campo de control de longitud fija 00757nam a2200217 i 4500
001 - NÚMERO DE CONTROL
campo de control 56274
003 - IDENTIFICADOR DE NÚMERO DE CONTROL
campo de control ES-MaACL
005 - FECHA Y HORA DE LA ÚLTIMA TRANSACCIÓN
campo de control 20240125170357.0
007 - CAMPO FIJO DE DESCRIPCIÓN FÍSICA--INFORMACIÓN GENERAL
campo de control de longitud fija t|
008 - DATOS DE LONGITUD FIJA--INFORMACIÓN GENERAL
campo de control de longitud fija 031007s1967 sp ||||1| spa d
245 00 - MENCIÓN DEL TÍTULO
Título Diccionario enciclopédico universal.
250 ## - MENCION DE EDICION
Mención de edición [2ª ed.].
260 ## - PUBLICACIÓN, DISTRIBUCIÓN, ETC.
Lugar de publicación, distribución, etc. Barcelona :
Nombre del editor, distribuidor, etc. Credsa,
Fecha de publicación, distribución, etc. 1967.
300 ## - DESCRIPCIÓN FÍSICA
Extensión 7 v. :
Otras características físicas lám. col., map. col., grab. ;
Dimensiones 26 cm.
500 ## - NOTA GENERAL
Nota general Paginación consecutiva.
505 8# - NOTA DE CONTENIDO CON FORMATO
Nota de contenido con formato Contiene: T. I: A-Canale. -- T. II: Canali-Enri. -- T. III: Enro-Infier. -- T: IV: Infies-Neves. -- T.V: Nevierov-Rifle -- T.VI: Riga-Valence -- T.VII: Valencia-Z. Vocabularios
655 #7 - TERMINO DE INDIZACIÓN--GENERO/FORMA
Fuente del término tgfbne
9 (RLIN) 226844
Datos o término principal de género/forma Enciclopedias
852 ## - LOCALIZACIÓN
Ubicación ES-MaACL
Número de control de estantería P-1234
Sublocalización o colección R.64434
942 ## - ELEMENTOS DE ENTRADA SECUNDARIOS (KOHA)
Fuente del sistema de clasificación o colocación Clasificación decimal universal
Holdings
Estatus retirado Estado de pérdida Estado de daño No para préstamo Colección Biblioteca de origen Biblioteca actual Ubicación en estantería Fecha de adquisición Fuente de adquisición Total de préstamos Signatura topográfica completa Código de barras Visto por última vez Precio de reemplazo Tipo de ítem Koha
        Colección de referencia Biblioteca del Ateneo de Madrid Biblioteca del Ateneo de Madrid Depósito 2 17/01/2008     P-1234 1059108 23/02/2023 23/02/2023 Libro impreso